1097 1634 1461 1944 1027 1070 1761 1594 1308 1290 1893 1778 1591 1788 1955 1384 1577 1153 1676 1468 1495 1984 1128 1575 1939 1865 1350 1903 1892 1335 1628 1899 1737 1242 1149 1114 1249 1901 1676 1814 1341 1444 1322 1633 1037 1060 1687 1869 1010 1836 1822 1805 1048 1449 1180 1338 1942 1213 1128 1477 1815 1830 1496 1925 1811 1667 1711 1704 1176 1483 1416 1879 1603 1622 1938 1897 1637 1253 1425 1639 1939 1869 1778 1407 1726 1312 1711 1499 1282 1044 1219 1973 1668 1989 1404 1329 1934 1992 1770 BCNSPRNW ULIB Ver.6.0+V

เปลี่ยนเป็นภาษาไทย

Change to English
 แสดงรายละเอียดบรรณานุกรม
  กลับหน้าหลัก

Brief Record : Get Marc (ISO 2709) : E-mail record : QR code < ปิดหน้าต่าง
LEADER : 00000nam 2200000uu 4500
001    13399126193
003     ULIB
008    180715s2007||||th 000 0 tha d
020    ^a9780521544627
050 00 ^aPE1128^bC172^cV.4
245 10 ^aCambridge practice tests for IELTS 4
260    ^aCambridge :^bCambridge University Press,^c2007
300    ^a176 p.:^bill. ;^c25 cm.
650 00 ^aInternational English Language Testing System.
650 00 ^aEnglish language^xExaminations, questions, etc.
650 00 ^aEnglish language^xTextbooks for foreign speakers
945    ^p0^l0^i26411
999    ^aกัณชพร จุลอักษร
รายการนี้ยังไม่มีแท็ก
คุณยังไม่ได้ล็อกอิน คุณสามารถมีกิจกรรมร่วมกับเว็บไซต์ได้ แต่ต้องล็อกอินก่อน ::
  ล็อกอิน

รายการสื่อสารสนเทศ

ลำดับที่ ประเภท เลขเรียก/บาร์โค้ด สถานที่ สถานะ
1. วิทยาศาสตร์การแพทย์ และสุขภาพ
วิทยาศาสตร์การแพทย์ และสุขภาพ
PE1128 C172 V.4 ฉ.1 
  Barcode: 26411
ห้องสมุดวิทยาเขตนครสวรรค์
►หนังสือทั่วไป:l:General Books
บนชั้น

รายการใกล้เคียง
    ชื่อเรื่อง [Cambridge practice tests for IELTS 4]

    หัวเรื่อง [International English Language Testing System.]

BibComment


ยังไม่เคยถูกคอมเมนท์

คอมเมนท์ทรัพยากรรายการนี้
  คอมเมนท์: Cambridge practi..


 Copyright 2026. Bcnsprnw @Library